000
00304nam a22001337a 4500
008
181220b xxu||||| |||| 00| 0 eng d
020
_a
0691022496
041
_a
eng
080
_a
320
100
_a
20
101
_a
SHP
245
_a
Placing Parties in American Politics
_c
Mayhew,D.R
942
_2
udc
_c
BK
999
_c
53580
_d
53580